Disadvantaged communities remain socially excluded (Record no. 73066)

MARC details
000 -LEADER
fixed length control field 01096cam a2200205 4500
001 - CONTROL NUMBER
control field WB3927-16
008 - FIXED-LENGTH DATA ELEMENTS--GENERAL INFORMATION
fixed length control field 030717n2003 000 0 eng u
035 ## - SYSTEM CONTROL NUMBER
System control number (Sirsi) u123038
245 ## - TITLE STATEMENT
Title Disadvantaged communities remain socially excluded
260 ## - PUBLICATION, DISTRIBUTION, ETC.
Date of publication, distribution, etc. 2003
490 ## - SERIES STATEMENT
Series statement Joseph Rowntree Foundation Press Release
Volume/sequential designation 17 July 2003 (2)
520 ## - SUMMARY, ETC.
Summary, etc. The Joseph Rowntree Foundation has released a study "Developing people - regenerating place: achieving greater integration for local area regeneration", which highlights barriers at national and local level which hinder integrated working between regeneration programmes and wider initiatives. The report is based on a series of case studies and identifies practical steps which can be taken to promote joint working. Copies of the report are available from Marston Book Services t +44 (0)1235 465500. http://www.jrf.org.uk/pressroom/releases/170703.asp
590 ## - LOCAL NOTE (RLIN)
Local note WB
650 ## - SUBJECT ADDED ENTRY--TOPICAL TERM
Topical term or geographic name entry element SOCIAL HOUSING
650 ## - SUBJECT ADDED ENTRY--TOPICAL TERM
Topical term or geographic name entry element LOCAL COMMUNITIES
650 ## - SUBJECT ADDED ENTRY--TOPICAL TERM
Topical term or geographic name entry element DISADVANTAGED AREAS
650 ## - SUBJECT ADDED ENTRY--TOPICAL TERM
Topical term or geographic name entry element SOCIAL EXCLUSION
690 ## - LOCAL SUBJECT ADDED ENTRY--TOPICAL TERM (OCLC, RLIN)
Topical term or geographic name as entry element REGENERATION
942 ## - ADDED ENTRY ELEMENTS (KOHA)
Suppress in OPAC 0
Holdings
Withdrawn status Lost status Source of classification or shelving scheme Damaged status Not for loan Home library Current library Shelving location Date acquired Total Checkouts Full call number Barcode Date last seen Copy number Price effective from Koha item type
    Dewey Decimal Classification     London London News article 17/07/2003   WB3927-16 123038-1001 06/08/2019 1 06/08/2019 News article